CSR ESG AND CHARITABLE INSTITUTIONS (Record no. 216425)

MARC details
000 -LEADER
fixed length control field 00569nam a22001697a 4500
008 - FIXED-LENGTH DATA ELEMENTS--GENERAL INFORMATION
fixed length control field 260108b |||||||| |||| 00| 0 eng d
020 ## - INTERNATIONAL STANDARD BOOK NUMBER
International Standard Book Number 978-81-19403-85-1
100 ## - MAIN ENTRY--PERSONAL NAME
Personal name RAVICHANDRAN, K. S.
245 ## - TITLE STATEMENT
Title CSR ESG AND CHARITABLE INSTITUTIONS
250 ## - EDITION STATEMENT
Edition statement 2ND ED
260 ## - PUBLICATION, DISTRIBUTION, ETC.
Place of publication, distribution, etc. HARYANA, INDIA
Name of publisher, distributor, etc. LEXISNEXIS
Date of publication, distribution, etc. 2024
300 ## - PHYSICAL DESCRIPTION
Extent XLVII,1270P.
500 ## - GENERAL NOTE
General note INCLUDES SUBJECT INDEX
650 ## - SUBJECT ADDED ENTRY
Topical term or geographic name entry element 1. SOCIAL RESPONSIBILITY OF BUSINESS - LAW AND LEGISLATION - INDIA 2. CORPORATE -CHARITABLE CONTRIBUTIONS - LAW AND LEGISLATION
942 ## - ADDED ENTRY ELEMENTS (KOHA)
Source of classification or shelving scheme Library of Congress Classification
Koha item type Long Loan Book
Holdings
Withdrawn status Lost status Source of classification or shelving scheme Damaged status Not for loan Collection Home library Current library Shelving location Date acquired Inventory number Total checkouts Full call number Barcode Date last seen Copy number Price effective from Koha item type
    Library of Congress Classification     Arts & Social Sciences Kisii University Library Kisii University Library On Display 01/08/2026 110649   HD 60 .7 .R38 2024 000000024256 01/08/2026 C.1 01/08/2026 Long Loan Book
    Library of Congress Classification     Arts & Social Sciences Kisii University Library Kisii University Library On Display 01/08/2026 110650   HD 60 .7 .R38 2024 000000024255 01/08/2026 C.2 01/08/2026 Long Loan Book
    Library of Congress Classification     Arts & Social Sciences Kisii University Library Kisii University Library On Display 01/08/2026 110650   HD 60 .7 .R38 2024 000000024254 01/08/2026 C.3 01/08/2026 Long Loan Book
    Library of Congress Classification     Arts & Social Sciences Kisii University Library Kisii University Library On Display 01/08/2026 110651   HD 60 .7 .R38 2024 000000024253 01/08/2026 C.4 01/08/2026 Long Loan Book